JO & Jeux paralympiques 2024 Meilleures disciplines par pays - Statistiques

Statistiques générales
  • Ce quiz a été pris 58 fois
  • Le résultat moyen est 85 sur 102
Statistiques - réponses
Pays Rang officiel Total de médailles Sport Nbre de médailles % Correct
JO Royaume-Uni Equitation | Natation | Plongeon 5
98%
JO France Escrime | Natation 7
98%
JP Turquie Judo | Tennis de table 4
98%
JO Australie 4 53 Natation 18
98%
JO Canada 12 27 Natation 8
98%
JO Chine 2 91 Natation 12
98%
JO Etats-Unis Natation 28
98%
JO Hongrie Natation 5
98%
JP Allemagne 11 49 Natation 10
98%
JP Australie 9 63 Natation 27
98%
JP Brésil Natation 26
98%
JP Canada 12 29 Natation 13
98%
JP Chine Natation 54
98%
JP Colombie Natation 6
98%
JP Espagne 17 40 Natation 15
98%
JP Etats-Unis 3 105 Natation 30
98%
JP France Natation 14
98%
JP Italie 6 71 Natation 37
98%
JP Japon 10 41 Natation 12
98%
JP Royaume-Uni 2 124 Natation 32
98%
JP Ukraine 7 82 Natation 40
98%
JP ¨Pays-Bas Natation 10
98%
JP Turquie Natation | Athlétisme 3
98%
JO Italie 9 40 Natation | Escrime 5
98%
JP Japon Tennis | Badminton | Judo 4
98%
JO Italie Athlétisme | Cyclisme sur piste | Gymnastique artistique 3
96%
JO Brésil 20 20 Gymnastique artistique | Judo 4
96%
JO Brésil Athlétisme | Surf | Skateboard 2
94%
JO Espagne Boxe | Tennis 2
94%
JO Corée-du-Sud Judo 5
94%
JO France 5 64 Judo 10
94%
JO Japon Judo 8
94%
JP Brésil Judo 8
94%
JP Ouzbékistan Judo 4
94%
JP Ukraine Judo 5
94%
JO Allemagne Athlétisme 4
92%
JO Australie Athlétisme 7
92%
JO Canada Athlétisme 5
92%
JO Espagne 15 18 Athlétisme 4
92%
JO Etats-Unis 1 126 Athlétisme 34
92%
JO Pays-Bas Athlétisme 6
92%
JO Royaume-Uni 7 65 Athlétisme 10
92%
JP Allemagne Athlétisme 8
92%
JP Australie Athlétisme 11
92%
JP Brésil 5 89 Athlétisme 36
92%
JP Canada Athlétisme 9
92%
JP Chine 1 220 Athlétisme 59
92%
JP Colombie 19 28 Athlétisme 16
92%
JP Espagne Athlétisme 8
92%
JP Etats-Unis Athlétisme 38
92%
JP Inde 18 29 Athlétisme 17
92%
JP Iran 14 25 Athlétisme 12
92%
JP Italie Athlétisme 8
92%
JP Japon Athlétisme 9
92%
JP Ouzbékistan 13 26 Athlétisme 16
92%
JP Royaume-Uni Athlétisme 18
92%
JP Thaïlande Athlétisme 8
92%
JP Ukraine Athlétisme 19
92%
JP ¨Pays-Bas Athlétisme 12
92%
JO Nouvelle-Zélande Athlétisme | Voile 2
92%
JO Brésil Beachvolley | Canoë-kayak | Football | Boxe | Taekwondo | Volleyball 1
92%
JO France Canoë-kayak | BMX | Boxe 3
85%
JP Iran Taekwondo | Tir à l'arc 3
83%
JO Chine Tir 10
83%
JO Corée-du-Sud Tir 6
83%
JO Italie Tir 4
83%
JP Inde Tir 4
83%
JO Royaume-Uni Cyclisme sur piste | Aviron 8
81%
JO Australie Cyclisme sur piste | Canoë-kayak 5
79%
JP Chine Tennis de table 24
79%
JP Thaïlande 21 30 Tennis de table 9
79%
JO Hongrie Escrime 3
77%
JO Japon Escrime 5
77%
JP Thaïlande Escrime 5
77%
JO Nouvelle-Zélande 11 20 Cyclisme sur piste 5
73%
JO Pays-Bas Cyclisme sur piste 5
73%
JP Canada Cyclisme sur piste 3
73%
JP France Cyclisme sur piste 7
73%
JP Royaume-Uni Cyclisme sur piste 14
73%
JO Corée-du-Sud 8 32 Tir à l'arc 7
73%
JO Nouvelle-Zélande Aviron | Canoë-kayak 4
71%
JP Australie Cyclisme sur route 6
65%
JP Espagne Cyclisme sur route 5
65%
JP France 8 75 Cyclisme sur route 21
65%
JP Italie Cyclisme sur route 7
65%
JP ¨Pays-Bas 4 56 Cyclisme sur route 14
65%
JP Inde Badminton 5
60%
JO Pays-Bas 6 34 Aviron 8
56%
JO Allemagne Equitation 5
56%
JP Allemagne Equitation 6
56%
JO Etats-Unis Gymnastique artistique 9
54%
JP Ouzbékistan Taekwondo 3
54%
JP Turquie 23 28 Taekwondo 5
54%
JO Allemagne 10 33 Canoë-kayak 6
52%
JO Canada Canoë-kayak 2
52%
JO Espagne Canoë-kayak 3
52%
JO Hongrie 14 19 Canoë-kayak 7
52%
JO Japon 3 45 Lutte 11
50%
JP Colombie Boccia 3
48%
JO Chine Plongeon 11
46%
JP Iran Haltérophilie 4
35%
JP Etats-Unis Triathlon 8
33%
Aucun quiz correspondant
Distribution des résultats
% des personnes avec chaque résultat
Percentile par nombre de réponses
Votre historique - résultats
Vous n’avez pas pris ce quiz